Score 0/20 Timer 02:00
3 Plays Today
Less Serious Movie Missing Word % Correct
Beauty and the ___Beast
97.7%
My Big Fat Greek ___Wedding
97%
___ and SensibilitySense
96.8%
Cheaper by the ___Dozen
95.6%
Die ___Hard
95.1%
My Fair ___Lady
95.1%
___ and DayKnight
91.2%
___ of the BrideFather
88%
The ___ Rose of CairoPurple
87.5%
A ___ Called WandaFish
87.2%
Less Serious Movie Missing Word % Correct
___ At Bernie'sWeekend
82.6%
___ and MainState
82.4%
___ Attacks!Mars
82.2%
Throw Momma from the ___Train
81.4%
True ___Lies
80.9%
___ AgeIce
78.6%
___ PizzaMystic
78.2%
The ___ to RioRoad
73.7%
___ ChristmasesFour
73.2%
___ and LyricsMusic
67.5%
Remove Ads.
Support Sporcle.
Get the best of Sporcle when you Go Orange. This ad-free experience offers more features, more stats, and more fun while also helping to support Sporcle. Thank you for becoming a member.

You're not logged in!

Compare scores with friends on all Sporcle quizzes.
OR
Log In

Sporcle TV

Today on Sporcle TV


Watch our educational content, quiz creation guides, and fun videos on Sporcle TV.

Show Comments

Extras

Top Quizzes Today


Score Distribution

Paid Content

Your Account Isn't Verified!

In order to create a playlist on Sporcle, you need to verify the email address you used during registration. Go to your Sporcle Settings to finish the process.

Report this User

Report this user for behavior that violates our Community Guidelines.

Details: